Statistics for UK Cities Beginning With N

Click here to take the quiz!

General Stats

  • This quiz has been taken 37 times
  • The average score is 3 of 5

Answer Stats

Nation Answer % Correct
EnglandNewcastle upon Tyne
92%
EnglandNorwich
78%
EnglandNottingham
69%
WalesNewport
64%
Northern IrelandNewry
44%

Score Distribution

Percentile by Number Answered

Percent of People with Each Score

Your Score History

You have not taken this quiz